Online katalóg knižníc regiónu Turca

Spievankovo (Record no. 21748)

MARC details
000 -LEADER
fixed length control field 01936cam a2200505 a 4500
001 - CONTROL NUMBER
control field 21748
003 - CONTROL NUMBER IDENTIFIER
control field VRT
005 - DATE AND TIME OF LATEST TRANSACTION
control field 20260309113740.0
008 - FIXED-LENGTH DATA ELEMENTS--GENERAL INFORMATION
fixed length control field 200115s2016 xo a b 000 j slo
015 ## - NATIONAL BIBLIOGRAPHY NUMBER
National bibliography number SNBA2017/03
020 ## - INTERNATIONAL STANDARD BOOK NUMBER
International Standard Book Number 9788081425806
Qualifying information (viazané)
035 ## - SYSTEM CONTROL NUMBER
System control number urn:nbn:sk:snk-am00cwxr
035 ## - SYSTEM CONTROL NUMBER
System control number urn:nbn:sk:snk-am3hmrs
035 ## - SYSTEM CONTROL NUMBER
System control number 2490AAE4-E042-4D44-B4E8-F1F930C06B2B
039 #9 - LEVEL OF BIBLIOGRAPHIC CONTROL AND CODING DETAIL [OBSOLETE]
Level of rules in bibliographic description 202301312219
Level of effort used to assign nonsubject heading access points AUTHORITY
Level of effort used to assign subject headings 202005211545
Level of effort used to assign classification AUTHORITY
Level of effort used to assign subject headings 202001151556
Level of effort used to assign classification VLOAD
Level of effort used to assign subject headings 201705111029
Level of effort used to assign classification msavuk02
040 ## - CATALOGING SOURCE
Original cataloging agency ZKSE
Language of cataloging slo
Transcribing agency ZKSE
Modifying agency SNK
Description conventions AACR2
041 0# - LANGUAGE CODE
Language code of text/sound track or separate title slo
044 ## - COUNTRY OF PUBLISHING/PRODUCING ENTITY CODE
MARC country code xo
ISO country code SK
072 #7 - SUBJECT CATEGORY CODE
Subject category code 821-93
Subject category code subdivision Literatúra pre deti a mládež (beletria)
Source konspekt
072 #7 - SUBJECT CATEGORY CODE
Subject category code 821.162.4-3
Subject category code subdivision Slovenská próza
Source konspekt
080 ## - UNIVERSAL DECIMAL CLASSIFICATION NUMBER
Universal Decimal Classification number 821.162.4-34
Edition identifier 2011
080 ## - UNIVERSAL DECIMAL CLASSIFICATION NUMBER
Universal Decimal Classification number 82-93-053.2
Edition identifier 2011
080 ## - UNIVERSAL DECIMAL CLASSIFICATION NUMBER
Universal Decimal Classification number (0.05)
Edition identifier 2011
100 1# - MAIN ENTRY--PERSONAL NAME
Personal name Skalová, Alžbeta
Relationship aut
-- ant
245 10 - TITLE STATEMENT
Title Spievankovo
Remainder of title Spievanka, Zahrajko a zatúlaná píšťalka
Statement of responsibility, etc. napísala Alžbeta Skalová ; ilustrovala Kristína Hroznová ; [námet Alžbeta Skalová, Máša Orogváni]
246 30 - VARYING FORM OF TITLE
Title proper/short title Spievanka, Zahrajko a zatúlaná píšťalka
250 ## - EDITION STATEMENT
Edition statement 1. vyd.
260 ## - PUBLICATION, DISTRIBUTION, ETC.
Place of publication, distribution, etc. Bratislava
Name of publisher, distributor, etc. Fortuna Libri
Date of publication, distribution, etc. 2016
300 ## - PHYSICAL DESCRIPTION
Extent 83 s.
Other physical details fareb. ilustr.
Dimensions 27 cm
655 #7 - INDEX TERM--GENRE/FORM
Genre/form data or focus term slovenské rozprávky
Source of term SNKPH
655 #7 - INDEX TERM--GENRE/FORM
Genre/form data or focus term publikácie pre deti
Source of term SNKPH
655 #7 - INDEX TERM--GENRE/FORM
Genre/form data or focus term Slovak fairy tales
Source of term SNKPHeng
655 #7 - INDEX TERM--GENRE/FORM
Genre/form data or focus term Children's literature
Source of term SNKPHeng
700 1# - ADDED ENTRY--PERSONAL NAME
Personal name Hroznová, Kristína,
Dates associated with a name 1981-
Relationship ill
700 1# - ADDED ENTRY--PERSONAL NAME
Personal name Orogváni, Viera Máša
Relationship ant
910 ## - USER-OPTION DATA (OCLC)
User-option data snk
910 ## - USER-OPTION DATA (OCLC)
User-option data savuk
942 ## - ADDED ENTRY ELEMENTS (KOHA)
Source of classification or shelving scheme Dewey Decimal Classification
Koha item type Krásna literatúra pre deti
Suppress in OPAC No
949 ## - LOCAL PROCESSING INFORMATION (OCLC)
6 270001000533902
a svkbbC 61826
b svkbbm 766242
949 ## - LOCAL PROCESSING INFORMATION (OCLC)
6 2889324611
a savukPV 23823
b savuk2017/1464
949 ## - LOCAL PROCESSING INFORMATION (OCLC)
6 17A1253116
a snkSB 91220
b snk2017/3916
o 213/17
s 6100:20170310
949 ## - LOCAL PROCESSING INFORMATION (OCLC)
6 17A1253117
a snkSB 91220 D1
b snk2017/3917
o 213/17
949 ## - LOCAL PROCESSING INFORMATION (OCLC)
6 273K0628903
a svkpoC 58747
b svkpo623631
Holdings
Stav vyradenia Strata Poškodenie Spôsob nadobudnutia Domovská knižnica Aktuálna knižnica Dátum nadobudnutia Total checkouts Čiarový kód exemplára Date last seen Typ exemplára
      Dar Obecná knižnica Turčianska Štiavnička Obecná knižnica Turčianska Štiavnička 09.03.2026   4738000356 09.03.2026 Krásna literatúra pre deti
Projekt je podporený Slovenskou asociáciou knižníc
Prevádzkuje Turčianska knižnica Martin 2026